[Event "Baden-Baden op"]
[Site "Baden-Baden"]
[Date "2024.02.10"]
[Round "2"]
[White "Ehmann, Thilo"]
[Black "Feil, Stephan"]
[Result "1-0"]
[WhiteElo "2366"]
[BlackElo "2030"]
[PlyCount "61"]
[EventDate "2024.02.09"]
[EventType "swiss"]
[EventRounds "9"]
[EventCountry "GER"]
[SourceTitle "CB08_2024"]
[SourceDate "2024.02.21"]
[SourceVersion "1"]
[SourceVersionDate "2024.02.21"]
[SourceQuality "1"]

1. e4 e5 2. Nf3 Nf6 3. Nxe5 Nxe4 4. d4 d6 5. Nf3 d5 6. Bd3 Bd6 7. Nc3 Nxc3 8. bxc3 Qe7+ 9. Be3 Bf4 10. 0-0 Bxe3 11. fxe3 Qxe3+ 12. Kh1 Be6 13. Rb1 b6 14. Ne5 0-0 15. Qh5 Qh6 16. Qf3 Nd7 17. Nxd7 Bxd7 18. Qxd5 Be6 19. Qe5 c6 20. c4 Rad8 21. Rbe1 Rfe8 22. d5 cxd5 23. cxd5 f6 24. Qxe6+ Rxe6 25. dxe6 Rxd3 26. cxd3 Kf8 27. d4 Qg5 28. Rd1 Qd5 29. Rfe1 Ke7 30. Rc1 Qd6 31. d5 1-0

[Event "Baden Baden op"]
[Site "Baden-Baden"]
[Date "2023.02.19"]
[Round "5"]
[White "Feil, Stephan"]
[Black "Dobrocmyslov, Artem"]
[Result "1/2-1/2"]
[WhiteElo "2149"]
[BlackElo "2281"]
[PlyCount "126"]
[EventDate "2023.02.17"]
[EventType "swiss"]
[EventRounds "9"]
[EventCountry "GER"]
[SourceTitle "CBM 212 Extra"]
[Source "ChessBase"]
[SourceDate "2023.03.31"]
[SourceVersion "1"]
[SourceVersionDate "2023.03.31"]
[SourceQuality "1"]

1. e4 c5 2. Nc3 Nc6 3. Bb5 Nd4 4. Nf3 e6 5. 0-0 a6 6. Bd3 Ne7 7. Nxd4 cxd4 8. Ne2 Nc6 9. c3 Bc5 10. b4 Ba7 11. cxd4 d5 12. Bb2 Nxb4 13. Qa4+ Nc6 14. Ba3 Bd7 15. exd5 Ne5 16. Qb3 Nxd3 17. Qxd3 Bb5 18. Qe4 Qxd5 19. Qxd5 exd5 20. Rfe1 0-0-0 21. Rac1+ Bc6 22. Bc5 Bb8 23. g3 Rde8 24. Nf4 g6 25. Nd3 Rxe1+ 26. Rxe1 Re8 27. Rxe8+ Bxe8 28. Nb4 Bc6 29. Nxc6 bxc6 30. h3 Kd7 31. Kf1 Ke6 32. g4 Kf6 33. Ke2 Bc7 34. d3 Kg5 35. Kf3 h5 36. Be7+ f6 37. gxh5 gxh5 38. Bc5 Kf5 39. Ba7 Bd6 40. Bb6 Ba3 41. Ba7 a5 42. Bb6 a4 43. Ba7 Bd6 44. Bb6 Ke6 45. Ke3 Kd7 46. Kd2 Ke6 47. Ke3 Kf5 48. Kf3 Kg5 49. Ba7 Kh4 50. Kg2 Kg5 51. Kf3 Kg6 52. Bb6 Kf5 53. Ba7 Ke6 54. Ke3 Kd7 55. Kd2 Bb4+ 56. Ke2 Kc7 57. Ke3 Kb7 58. Bc5 Bxc5 59. dxc5 Ka6 60. a3 Kb5 61. Kd4 h4 62. f3 Ka5 63. Kc3 Kb5 1/2-1/2

[Event "Oberliga Baden 2223"]
[Site "Germany"]
[Date "2022.11.27"]
[Round "4.6"]
[White "Feil, Stephan"]
[Black "Doll, Stefan"]
[Result "1-0"]
[WhiteElo "2138"]
[BlackElo "2131"]
[PlyCount "79"]
[EventDate "2022.09.18"]
[EventType "team-tourn"]
[EventRounds "9"]
[EventCountry "GER"]
[SourceTitle "EXT 2024"]
[Source "ChessBase"]
[SourceDate "2023.10.10"]
[SourceVersion "1"]
[SourceVersionDate "2023.10.10"]
[SourceQuality "1"]
[WhiteTeam "Ladenburg"]
[BlackTeam "Baden-Baden III"]
[WhiteTeamCountry "GER"]
[BlackTeamCountry "GER"]

1. e4 e6 2. d4 d5 3. e5 b6 4. Bb5+ c6 5. Ba4 a5 6. c3 Qc7 7. Ne2 f6 8. 0-0 fxe5 9. dxe5 Ba6 10. Re1 Bxe2 11. Qxe2 Qf7 12. Nd2 Nh6 13. Nf3 Be7 14. Nd4 0-0 15. Bxh6 gxh6 16. Qg4+ Kh8 17. Qxe6 Qxf2+ 18. Kh1 Bc5 19. Qxh6 Nd7 20. Bc2 Rf7 21. e6 Rg7 22. Re2 Qf6 23. Qxf6 Nxf6 24. Nxc6 Re8 25. Nd4 Rg4 26. h3 Rf4 27. g3 Re4 28. Bxe4 Nxe4 29. Kg2 Bxd4 30. cxd4 Rxe6 31. Rc1 Rg6 32. Re3 Kg7 33. Rc7+ Kh6 34. Rf3 Ng5 35. Rfc3 b5 36. Re3 Ne6 37. Ra7 a4 38. Re5 Nxd4 39. Rxd5 Nc6 40. Ra6 1-0

[Event "Untergrombach op 37th"]
[Site "Untergrombach"]
[Date "2020.01.05"]
[Round "5"]
[White "Wiederspahn, Markus"]
[Black "Feil, Stephan"]
[Result "0-1"]
[WhiteElo "1991"]
[BlackElo "2121"]
[PlyCount "120"]
[EventDate "2020.01.02"]
[EventType "swiss"]
[EventRounds "7"]
[EventCountry "GER"]
[SourceTitle "CBM 194 Extra"]
[Source "ChessBase"]
[SourceDate "2020.03.31"]
[SourceVersion "1"]
[SourceVersionDate "2020.03.31"]
[SourceQuality "1"]

1. c4 e5 2. Nc3 Nf6 3. Nf3 Nc6 4. e4 Bb4 5. d3 Bxc3+ 6. bxc3 h6 7. Be2 0-0 8. 0-0 d6 9. Rb1 b6 10. Ne1 g5 11. Nc2 Ne7 12. Ne3 Kh7 13. Qd2 Rg8 14. g4 Ng6 15. Nf5 Nf4 16. Qd1 Bb7 17. Bxf4 gxf4 18. f3 Ne8 19. Rf2 Ng7 20. Nxg7 Rxg7 21. Rg2 Qd7 22. Qe1 Rag8 23. Rb2 Qc6 24. Bd1 f6 25. Qh4 Rg5 26. Qf2 Bc8 27. h3 f5 28. exf5 Bxf5 29. Qf1 Bc8 30. Rbf2 Kh8 31. Bc2 Ba6 32. Qd1 Bb7 33. Ba4 Qc5 34. Kh1 Qe3 35. Qf1 R5g7 36. Bd1 Qc5 37. Rd2 Qc6 38. Qf2 Qe8 39. Kg1 Qe7 40. Kf1 Bc6 41. Bb3 Rb8 42. Bc2 a5 43. Re2 b5 44. cxb5 Bxb5 45. Kg1 c5 46. Re1 Bc6 47. d4 Rb2 48. Qe2 Qb7 49. Rf2 cxd4 50. cxd4 Ba4 51. Qe4 Bxc2 52. Qxb7 Rgxb7 53. dxe5 dxe5 54. Rxe5 Rxa2 55. Rd2 a4 56. Ree2 Rc7 57. Rd4 a3 58. Rxf4 Rb2 59. Rf8+ Kg7 60. Ra8 Be4 0-1

[Event "Untergrombach op 37th"]
[Site "Untergrombach"]
[Date "2020.01.04"]
[Round "4"]
[White "Feil, Stephan"]
[Black "Shishkin, Vadim"]
[Result "0-1"]
[WhiteElo "2121"]
[BlackElo "2459"]
[PlyCount "34"]
[EventDate "2020.01.02"]
[EventType "swiss"]
[EventRounds "7"]
[EventCountry "GER"]
[SourceTitle "CBM 194 Extra"]
[Source "ChessBase"]
[SourceDate "2020.03.31"]
[SourceVersion "1"]
[SourceVersionDate "2020.03.31"]
[SourceQuality "1"]

1. e4 c5 2. Nf3 Nc6 3. Bb5 g6 4. Bxc6 dxc6 5. d3 Bg7 6. h3 Nf6 7. Nc3 Nd7 8. Be3 e5 9. Qd2 h6 10. a3 Nf8 11. b4 Ne6 12. bxc5 f5 13. Qd1 f4 14. Bc1 Nxc5 15. a4 g5 16. Nh2 h5 17. f3 Qd4 0-1

[Event "Verbandsliga Nordbaden 1920"]
[Site "Baden"]
[Date "2019.11.10"]
[Round "2.6"]
[White "Feil, Stephan"]
[Black "Schlager, Thomas"]
[Result "1/2-1/2"]
[WhiteElo "2115"]
[BlackElo "2211"]
[PlyCount "101"]
[EventDate "2019.09.29"]
[EventType "team-tourn"]
[EventRounds "9"]
[EventCountry "GER"]
[SourceTitle "EXT 2021"]
[Source "ChessBase"]
[SourceDate "2020.10.23"]
[SourceVersion "1"]
[SourceVersionDate "2020.10.23"]
[SourceQuality "1"]
[WhiteTeam "Ladenburg"]
[BlackTeam "Karlsruhe"]
[WhiteTeamCountry "GER"]
[BlackTeamCountry "GER"]

1. e4 e5 2. Nf3 Nc6 3. d4 exd4 4. Nxd4 Nf6 5. Nxc6 bxc6 6. e5 Qe7 7. Qe2 Nd5 8. c4 Ba6 9. b3 g6 10. f4 Bg7 11. Qf2 Nb6 12. Ba3 c5 13. Bxc5 d6 14. Ba3 Qe6 15. c5 Bxf1 16. Rxf1 dxe5 17. f5 Qxf5 18. Qe2 Qh5 19. cxb6 Qxe2+ 20. Kxe2 e4 21. Nd2 axb6 22. Nc4 Bxa1 23. Rxa1 b5 24. Bb2 0-0 25. Ne5 Rfd8 26. a3 f6 27. Ng4 f5 28. Nf6+ Kf7 29. Rc1 Ra7 30. Nxh7 b4 31. Ng5+ Ke7 32. axb4 Rd3 33. Rc2 Kd7 34. Bc3 Ra3 35. Nf7 Ke6 36. Ng5+ Kd7 37. Be5 Ra7 38. Bc3 Ra3 39. Nf3 Rxc3 40. Rxc3 exf3+ 41. Kxf3 Ra2 42. h4 Rd2 43. g3 Rd4 44. b5 Rb4 45. Ke3 Re4+ 46. Kf2 Rb4 47. Kf3 Kd6 48. Rc6+ Ke5 49. Rc5+ Kd6 50. Rc6+ Ke5 51. Rc5+ 1/2-1/2

[Event "Pfalz op 10th"]
[Site "Neustadt an der Weinstrasse"]
[Date "2019.03.04"]
[Round "7"]
[White "Feil, Stephan"]
[Black "Bethke, Richard"]
[Result "0-1"]
[WhiteElo "2079"]
[BlackElo "2199"]
[PlyCount "112"]
[EventDate "2019.03.01"]
[EventType "swiss"]
[EventRounds "9"]
[EventCountry "GER"]
[SourceTitle "CBM 189 Extra"]
[Source "ChessBase"]
[SourceDate "2019.06.03"]
[SourceVersion "1"]
[SourceVersionDate "2019.06.03"]
[SourceQuality "1"]

1. e4 c5 2. Nf3 d6 3. Bb5+ Bd7 4. Bxd7+ Qxd7 5. 0-0 Nf6 6. Re1 Nc6 7. c3 e6 8. b3 Be7 9. Bb2 0-0 10. c4 Rfd8 11. Nc3 Ng4 12. d4 Bf6 13. d5 Ne7 14. Qd2 exd5 15. Nxd5 Nxd5 16. exd5 Re8 17. Bxf6 Nxf6 18. Qf4 a6 19. h3 Nh5 20. Qg5 g6 21. g4 f6 22. Qh6 Ng7 23. Kg2 b5 24. Kg3 Qf7 25. Qf4 Qf8 26. Nd2 f5 27. a4 b4 28. f3 h6 29. Kf2 g5 30. Qg3 Qf6 31. Kg2 Qd4 32. Qf2 Qf4 33. Nf1 h5 34. Qd2 fxg4 35. hxg4 Rf8 36. Qxf4 Rxf4 37. gxh5 Nf5 38. Nh2 Rf8 39. Re6 Kh7 40. Rf1 Rf7 41. Kg1 Nd4 42. Rxd6 Nxb3 43. Rd1 Rxc4 44. Ng4 Rc1 45. Rxc1 Nxc1 46. Rc6 b3 47. d6 Ne2+ 48. Kf2 b2 49. Rb6 Nf4 50. d7 Nd3+ 51. Ke3 Rxd7 52. Nf6+ Kg7 53. h6+ Kf7 54. Nxd7 Nb4 55. h7 b1Q 56. h8Q Qe1# 0-1

[Event "Pfalz op 10th"]
[Site "Neustadt an der Weinstrasse"]
[Date "2019.03.04"]
[Round "6"]
[White "Feil, Stephan"]
[Black "Klundt, Klaus"]
[Result "1/2-1/2"]
[WhiteElo "2079"]
[BlackElo "2295"]
[PlyCount "70"]
[EventDate "2019.03.01"]
[EventType "swiss"]
[EventRounds "9"]
[EventCountry "GER"]
[SourceTitle "CBM 189 Extra"]
[Source "ChessBase"]
[SourceDate "2019.06.03"]
[SourceVersion "1"]
[SourceVersionDate "2019.06.03"]
[SourceQuality "1"]

1. e4 c5 2. Nf3 g6 3. d4 cxd4 4. Nxd4 Nc6 5. c4 Nf6 6. Nc3 Nxd4 7. Qxd4 d6 8. Be2 Bg7 9. Be3 0-0 10. Qd2 Be6 11. 0-0 a5 12. b3 a4 13. f3 Nd7 14. Nxa4 Bxa1 15. Rxa1 Qa5 16. Qb2 Rfc8 17. Bh6 f6 18. Bd2 Qa7+ 19. Kh1 Ne5 20. Bc3 Nxc4 21. Bxc4 Rxc4 22. bxc4 Qxa4 23. Qxb7 Qa7 24. Qxa7 Rxa7 25. a4 Bxc4 26. a5 Kf7 27. Kg1 e5 28. Rb1 h5 29. Rb6 d5 30. exd5 Bxd5 31. f4 Rc7 32. Bb2 Rc2 33. fxe5 Rxg2+ 34. Kf1 fxe5 35. Bxe5 Ra2 1/2-1/2

[Event "Berlin Lichtenrade op 14th"]
[Site "Berlin"]
[Date "2018.11.01"]
[Round "6"]
[White "Tomov, Georgi"]
[Black "Feil, Stephan"]
[Result "1-0"]
[WhiteElo "2330"]
[BlackElo "2082"]
[PlyCount "29"]
[EventDate "2018.10.27"]
[EventType "swiss"]
[EventRounds "9"]
[EventCountry "GER"]
[SourceTitle "CBM 187 Extra"]
[Source "ChessBase"]
[SourceDate "2018.11.04"]
[SourceVersion "1"]
[SourceVersionDate "2018.11.04"]
[SourceQuality "1"]

1. e4 c5 2. Nf3 g6 3. c3 d5 4. exd5 Qxd5 5. d4 Nc6 6. Be2 cxd4 7. cxd4 Nf6 8. Nc3 Qa5 9. d5 Nb4 10. Bd2 a6 11. Qb3 Bf5 12. Rc1 e6 13. a3 Nbxd5 14. Qxb7 Rd8 15. Bxa6 1-0

[Event "Berlin Lichtenrade op 13th"]
[Site "Berlin"]
[Date "2017.11.03"]
[Round "7"]
[White "Feil, Stephan"]
[Black "Brustkern, Juergen"]
[Result "0-1"]
[WhiteElo "2084"]
[BlackElo "2287"]
[PlyCount "60"]
[EventDate "2017.10.28"]
[EventType "swiss"]
[EventRounds "9"]
[EventCountry "GER"]
[SourceTitle "CBM 181 Extra"]
[Source "ChessBase"]
[SourceDate "2017.12.12"]
[SourceVersion "1"]
[SourceVersionDate "2017.12.12"]
[SourceQuality "1"]

1. e4 c5 2. Nf3 Nc6 3. Bb5 g6 4. Bxc6 bxc6 5. 0-0 Bg7 6. Re1 Nh6 7. c3 0-0 8. d4 cxd4 9. cxd4 d5 10. e5 f6 11. exf6 exf6 12. Nbd2 Bg4 13. h3 Bf5 14. Nb3 Nf7 15. Nc5 Qd6 16. Be3 Rab8 17. Qc1 g5 18. b3 Nh8 19. Qa3 Rf7 20. Bd2 Ng6 21. Bb4 Bf8 22. Re3 h5 23. Rae1 g4 24. hxg4 hxg4 25. Nd2 Qf4 26. Re8 Rxe8 27. Rxe8 Qxd4 28. Nf1 Re7 29. Ra8 Re2 30. Ne3 g3 0-1

[Event "Berlin Lichtenrade op 13th"]
[Site "Berlin"]
[Date "2017.10.30"]
[Round "3"]
[White "Feil, Stephan"]
[Black "Mueller, Nick"]
[Result "0-1"]
[WhiteElo "2084"]
[BlackElo "2268"]
[PlyCount "37"]
[EventDate "2017.10.28"]
[EventType "swiss"]
[EventRounds "9"]
[EventCountry "GER"]
[SourceTitle "CBM 181 Extra"]
[Source "ChessBase"]
[SourceDate "2017.12.12"]
[SourceVersion "1"]
[SourceVersionDate "2017.12.12"]
[SourceQuality "1"]

1. e4 c5 2. Nf3 Nc6 3. Bb5 g6 4. Bxc6 bxc6 5. 0-0 Bg7 6. Re1 Nh6 7. d3 0-0 8. Nbd2 d6 9. h3 f6 10. a4 Nf7 11. a5 e5 12. Ra4 Rb8 13. Nf1 Rb4 14. Ra3 f5 15. c3 Rb5 16. Qa4 f4 17. d4 Qc7 18. Rd1 Be6 19. Ra1 0-1

[Event "Baden-ch op"]
[Site "Walldorf"]
[Date "2017.07.29"]
[Round "6"]
[White "Feil, Stephan"]
[Black "Hermann, Tobias"]
[Result "1-0"]
[WhiteElo "2108"]
[BlackElo "1933"]
[PlyCount "159"]
[EventDate "2017.07.26"]
[EventType "swiss"]
[EventRounds "7"]
[EventCountry "GER"]
[SourceTitle "CBM 179 Extra"]
[Source "ChessBase"]
[SourceDate "2017.08.23"]
[SourceVersion "1"]
[SourceVersionDate "2017.08.23"]
[SourceQuality "1"]

1. e4 b6 2. d4 Bb7 3. d5 Nf6 4. Nc3 e5 5. a3 g6 6. Bg5 h6 7. Be3 d6 8. Be2 Nbd7 9. Qd2 a6 10. a4 Bg7 11. f3 Qe7 12. Nh3 g5 13. Nf2 Nh5 14. g3 Nf8 15. Nd3 Ng6 16. Nb4 Qd7 17. 0-0-0 0-0 18. Rdg1 Rfc8 19. h4 gxh4 20. gxh4 Kh7 21. f4 exf4 22. Bxh5 fxe3 23. Qxe3 Rg8 24. Bg4 Qe8 25. Bf5 Kh8 26. Nc6 Ne7 27. Nxe7 Qxe7 28. Ne2 Qe5 29. c3 Rae8 30. Rg5 Qf6 31. Nf4 Bf8 32. Rxg8+ Kxg8 33. Rg1+ Kh8 34. Qg3 Be7 35. Nh5 Qe5 36. Qxe5+ dxe5 37. Rg7 Rf8 38. Rh7+ Kg8 39. Rxh6 Bxh4 40. Bh7+ Kh8 41. Bf5+ Kg8 42. Kc2 Rd8 43. Rh7 Kf8 44. c4 a5 45. b3 Ke7 46. Ng7 Kf6 47. Bh3 Bc8 48. Bxc8 Rxc8 49. Nf5 Bg5 50. Kc3 Kg6 51. Rg7+ Kf6 52. d6 c6 53. Rh7 Ke6 54. Rh5 Bc1 55. Ne7 Re8 56. Nxc6 Kxd6 57. Na7 Be3 58. Nb5+ Kd7 59. Rf5 Re7 60. Rf6 Bc5 61. Kd3 Ke8 62. Nc3 Bd4 63. Nd5 Rb7 64. Ke2 Bc5 65. Kf3 Bd4 66. Kg4 Rd7 67. Kf5 Rb7 68. Kg4 Kf8 69. Kg5 Kg7 70. Kf5 Kf8 71. Rc6 Kg7 72. Rc8 Bb2 73. Nf6 Ra7 74. Rg8+ Kh6 75. Nd5 Rb7 76. Kf6 Kh5 77. Rg7 Bd4 78. Ne7 Bc5 79. Nf5 Rd7 80. Rg5# 1-0

[Event "Baden-ch op"]
[Site "Walldorf"]
[Date "2017.07.28"]
[Round "5"]
[White "Gharieb, Andre"]
[Black "Feil, Stephan"]
[Result "1/2-1/2"]
[WhiteElo "2000"]
[BlackElo "2108"]
[PlyCount "88"]
[EventDate "2017.07.26"]
[EventType "swiss"]
[EventRounds "7"]
[EventCountry "GER"]
[SourceTitle "CBM 179 Extra"]
[Source "ChessBase"]
[SourceDate "2017.08.23"]
[SourceVersion "1"]
[SourceVersionDate "2017.08.23"]
[SourceQuality "1"]

1. d4 Nf6 2. Bf4 g6 3. e3 Bg7 4. c3 d6 5. h3 0-0 6. Nf3 Nbd7 7. Bc4 b6 8. Nbd2 Bb7 9. 0-0 Ne4 10. Nxe4 Bxe4 11. Ng5 Bb7 12. Qb3 Qe8 13. Nf3 e5 14. dxe5 dxe5 15. Bg3 Bxf3 16. gxf3 Nc5 17. Qc2 b5 18. Be2 a6 19. c4 b4 20. Rad1 Qe6 21. Rd5 Nb7 22. Kg2 c6 23. Rd2 Rfd8 24. Rfd1 Bf6 25. Rxd8+ Rxd8 26. Rxd8+ Bxd8 27. Bd3 Nc5 28. Be2 a5 29. Qd2 Bf6 30. a3 Qd7 31. Qxd7 Nxd7 32. axb4 axb4 33. b3 Nc5 34. Bd1 Kf8 35. f4 e4 36. f3 Be7 37. fxe4 Nxe4 38. Be1 f5 39. Kf3 Kf7 40. Bc2 Nf6 41. e4 fxe4+ 42. Bxe4 Nxe4 43. Kxe4 Ke6 44. Bf2 c5 1/2-1/2

[Event "Berlin Werner Ott op"]
[Site "Berlin"]
[Date "2017.07.19"]
[Round "5"]
[White "Silz, Elisa"]
[Black "Feil, Stephan"]
[Result "0-1"]
[WhiteElo "2006"]
[BlackElo "2108"]
[PlyCount "64"]
[EventDate "2017.07.15"]
[EventType "swiss"]
[EventRounds "9"]
[EventCountry "GER"]
[SourceTitle "EXT 2019"]
[Source "ChessBase"]
[SourceDate "2018.10.10"]
[SourceVersion "1"]
[SourceVersionDate "2018.10.10"]
[SourceQuality "1"]

1. d4 Nf6 2. Nf3 g6 3. c4 Bg7 4. Nc3 d6 5. e4 0-0 6. Be2 e5 7. 0-0 Nc6 8. d5 Ne7 9. Ne1 Nd7 10. Nd3 f5 11. Bd2 Nf6 12. f3 f4 13. c5 g5 14. cxd6 cxd6 15. Nf2 h5 16. h3 Ng6 17. Qc2 Rf7 18. Rfc1 Bf8 19. a4 Rg7 20. Ra3 g4 21. fxg4 Nh4 22. Qd1 hxg4 23. hxg4 Nh5 24. Be1 Ng3 25. Bf3 Nxf3+ 26. Qxf3 Qh4 27. Ne2 Bxg4 28. Qxg4 Rxg4 29. Nxg3 Rxg3 30. Nh1 Bh6 31. Nxg3 fxg3 32. Rxg3+ Qxg3 0-1

[Event "Berlin Lichtenrade op 12th"]
[Site "Berlin"]
[Date "2016.10.29"]
[Round "8"]
[White "Feil, Stephan"]
[Black "Gruzmann, Boris"]
[Result "1-0"]
[WhiteElo "2140"]
[BlackElo "2253"]
[PlyCount "59"]
[EventDate "2016.10.22"]
[EventType "swiss"]
[EventRounds "9"]
[EventCountry "GER"]
[SourceTitle "EXT 2018"]
[Source "ChessBase"]
[SourceDate "2017.10.13"]
[SourceVersion "1"]
[SourceVersionDate "2017.10.13"]
[SourceQuality "1"]

1. e4 c5 2. Nf3 d6 3. Bb5+ Bd7 4. Bxd7+ Qxd7 5. 0-0 Nc6 6. Qe2 g6 7. Rd1 Bg7 8. c3 e5 9. Na3 0-0-0 10. d4 exd4 11. cxd4 Bxd4 12. Nb5 Re8 13. Bf4 Re6 14. Rac1 Kd8 15. Nfxd4 cxd4 16. Nxd4 Nxd4 17. Rxd4 Ne7 18. Bxd6 Rxd6 19. Rxd6 Qxd6 20. Rd1 Qxd1+ 21. Qxd1+ Kc7 22. Qb3 Rd8 23. f4 f5 24. Qc4+ Nc6 25. e5 Rd1+ 26. Kf2 Rd2+ 27. Kf1 Rxb2 28. Qf7+ Kb6 29. e6 Rxa2 30. e7 1-0

[Event "Untergrombach op 33rd"]
[Site "Untergrombach"]
[Date "2016.01.05"]
[Round "5"]
[White "Feil, Stephan"]
[Black "Bounianer, Vladimir"]
[Result "1-0"]
[WhiteElo "2165"]
[BlackElo "2167"]
[PlyCount "136"]
[EventDate "2016.01.02"]
[EventType "swiss"]
[EventRounds "7"]
[EventCountry "GER"]
[SourceTitle "CBM 170 Extra"]
[Source "ChessBase"]
[SourceDate "2016.02.25"]
[SourceVersion "1"]
[SourceVersionDate "2016.02.25"]
[SourceQuality "1"]

1. e4 e5 2. Nf3 Nf6 3. Nxe5 d6 4. Nf3 Nxe4 5. Nc3 Nxc3 6. dxc3 Be7 7. Bf4 Nd7 8. Qd2 Nc5 9. 0-0-0 Bg4 10. h3 Bxf3 11. gxf3 Ne6 12. Be3 Qd7 13. Kb1 0-0-0 14. f4 Nc5 15. Bg2 Qb5 16. Qd5 Bf6 17. Bd4 c6 18. Qf5+ Ne6 19. Qxb5 cxb5 20. Bxa7 Nxf4 21. Bf1 Kc7 22. Be3 Be5 23. Bxb5 g5 24. Bd3 h5 25. Bf5 f6 26. Rd2 Ng2 27. Bd4 Nh4 28. Be6 Nf3 29. Rd3 Nxd4 30. cxd4 Bf4 31. Rc3+ Kb8 32. a4 Rhe8 33. d5 Re7 34. Rd1 Be5 35. Rc4 Rc7 36. Rxc7 Kxc7 37. Ka2 f5 38. f3 Rf8 39. Rf1 Bf4 40. b4 h4 41. Kb3 Be3 42. Re1 Bf2 43. Rf1 Be3 44. c3 b6 45. Ra1 g4 46. fxg4 fxg4 47. Bxg4 Rf2 48. Re1 Bg5 49. Re8 Rf7 50. Rc8+ Kb7 51. Rc6 Bf4 52. Kc4 Be5 53. Kb5 Rc7 54. Rxb6+ Ka7 55. c4 Bd4 56. Ra6+ Kb8 57. Rxd6 Rb7+ 58. Ka5 Bc3 59. Rb6 Rxb6 60. Kxb6 Bxb4 61. c5 Bd2 62. d6 Bf4 63. Bf3 Kc8 64. a5 Bg5 65. a6 Bd8+ 66. Kc6 Kb8 67. Kd7 Bb6 68. c6 Ka7 1-0

[Event "Untergrombach op 33rd"]
[Site "Untergrombach"]
[Date "2016.01.05"]
[Round "6"]
[White "Feil, Stephan"]
[Black "Koziak, Vitali"]
[Result "0-1"]
[WhiteElo "2165"]
[BlackElo "2478"]
[PlyCount "85"]
[EventDate "2016.01.02"]
[EventType "swiss"]
[EventRounds "7"]
[EventCountry "GER"]
[SourceTitle "CBM 170 Extra"]
[Source "ChessBase"]
[SourceDate "2016.02.25"]
[SourceVersion "1"]
[SourceVersionDate "2016.02.25"]
[SourceQuality "1"]

1. e4 e5 2. Nf3 Nc6 3. d4 exd4 4. Nxd4 Bc5 5. Nxc6 Qf6 6. Qf3 bxc6 7. Bd3 Qxf3 8. gxf3 Ne7 9. Be3 Bb6 10. Nd2 d6 11. a4 Rb8 12. b3 f5 13. a5 Bxe3 14. fxe3 0-0 15. Ke2 fxe4 16. Bxe4 Nd5 17. Kf2 Bd7 18. Rhg1 Rbe8 19. Rg3 Nf6 20. Bd3 Ng4+ 21. Kg1 Nxe3 22. Re1 g6 23. f4 Nf5 24. Rxe8 Rxe8 25. Bxf5 Bxf5 26. c3 Re2 27. Rg2 Re1+ 28. Kf2 Rh1 29. Ke2 Ra1 30. b4 c5 31. Rg3 Ra4 32. bxc5 d5 33. Nb3 Ra2+ 34. Ke3 Ra3 35. Nd4 Be4 36. Kd2 Ra2+ 37. Ke3 Rxa5 38. f5 Rxc5 39. fxg6 Rxc3+ 40. Kd2 Rxg3 41. hxg3 hxg6 42. Nb5 c5 43. Nxa7 0-1

[Event "Untergrombach op 33rd"]
[Site "Untergrombach"]
[Date "2016.01.04"]
[Round "3"]
[White "Feil, Stephan"]
[Black "Maedler, Thomas"]
[Result "1-0"]
[WhiteElo "2165"]
[BlackElo "2137"]
[PlyCount "153"]
[EventDate "2016.01.02"]
[EventType "swiss"]
[EventRounds "7"]
[EventCountry "GER"]
[SourceTitle "CBM 170 Extra"]
[Source "ChessBase"]
[SourceDate "2016.02.25"]
[SourceVersion "1"]
[SourceVersionDate "2016.02.25"]
[SourceQuality "1"]

1. e4 c6 2. d4 d5 3. e5 Bf5 4. Nf3 e6 5. Be2 Nd7 6. 0-0 h6 7. Be3 Ne7 8. Nbd2 Ng6 9. Ne1 h5 10. Nef3 Be7 11. a3 Qc7 12. c4 dxc4 13. Bxc4 Nb6 14. Rc1 Rd8 15. b4 a6 16. Qe2 Nd5 17. Bxd5 Rxd5 18. h3 Qd8 19. Ne1 Nh4 20. Kh2 Bg6 21. Nb3 Nf5 22. g3 Bg5 23. h4 Nxe3 24. fxe3 Bxh4 25. gxh4 Qxh4+ 26. Kg1 Qg3+ 27. Ng2 h4 28. Qf2 Qg5 29. Kh2 Rd7 30. Nc5 Re7 31. Nf4 Bf5 32. Rg1 Qh6 33. Qg2 f6 34. Ng6 Bxg6 35. Qxg6+ Qxg6 36. Rxg6 fxe5 37. dxe5 Rh5 38. e4 Rxe5 39. Re1 b6 40. Nd3 Rh5 41. Rc1 Kd7 42. Rd1 Kc7 43. Rdg1 Rh7 44. Kh3 Kd6 45. Rd1 Kc7 46. Nf4 e5 47. Ne6+ Kb7 48. Rd6 Rh6 49. Rxh6 gxh6 50. Kxh4 a5 51. Kg4 axb4 52. axb4 Ka6 53. Rxc6 Kb5 54. Rd6 Rc7 55. Rd5+ Kxb4 56. Rxe5 Kc4 57. Nd8 Rd7 58. Nc6 b5 59. Kf5 Rg7 60. Kf6 Rg4 61. Kf5 Rg5+ 62. Kf4 Rg6 63. Na5+ Kb4 64. Nb7 Kc4 65. Rd5 b4 66. Na5+ Kc3 67. Rc5+ Kd3 68. Rd5+ Kc3 69. Rb5 Rf6+ 70. Ke5 Rg6 71. Kd5 h5 72. e5 h4 73. Rc5+ Kd3 74. Rc1 Ke3 75. Rh1 Rh6 76. e6 Rh5+ 77. Kd6 1-0

[Event "Untergrombach op 33rd"]
[Site "Untergrombach"]
[Date "2016.01.04"]
[Round "4"]
[White "Richter, Christian"]
[Black "Feil, Stephan"]
[Result "1-0"]
[WhiteElo "2366"]
[BlackElo "2165"]
[PlyCount "53"]
[EventDate "2016.01.02"]
[EventType "swiss"]
[EventRounds "7"]
[EventCountry "GER"]
[SourceTitle "CBM 170 Extra"]
[Source "ChessBase"]
[SourceDate "2016.02.25"]
[SourceVersion "1"]
[SourceVersionDate "2016.02.25"]
[SourceQuality "1"]

1. d4 Nf6 2. Nf3 g6 3. g3 Bg7 4. Bg2 0-0 5. c4 d6 6. Nc3 Nc6 7. 0-0 a6 8. b3 Rb8 9. Bb2 b5 10. cxb5 axb5 11. Rc1 b4 12. Nb1 Bd7 13. Ne1 Rb6 14. Nd3 Qb8 15. Qd2 Na5 16. Rfe1 h5 17. h3 Kh7 18. Qc2 Bh6 19. Nd2 Qc8 20. h4 Ng4 21. e3 Bf5 22. e4 Bd7 23. Nf4 c6 24. Nf3 Rb5 25. Bf1 Rb6 26. Qd2 f6 27. e5 1-0

[Event "Verbandsliga Nord Baden 0708"]
[Site "Germany"]
[Date "2008.02.17"]
[Round "6.2"]
[White "Lenhert, Steven"]
[Black "Feil, Stephan"]
[Result "0-1"]
[WhiteElo "2261"]
[BlackElo "2165"]
[PlyCount "98"]
[EventDate "2007.10.14"]
[EventType "team"]
[EventRounds "9"]
[EventCountry "GER"]
[SourceTitle "EXT 2009"]
[Source "ChessBase"]
[SourceDate "2008.11.26"]
[SourceVersion "1"]
[SourceVersionDate "2008.11.26"]
[SourceQuality "1"]
[WhiteTeam "Slavija KA"]
[BlackTeam "Ladenburg II"]
[WhiteTeamCountry "GER"]
[BlackTeamCountry "GER"]

1. d4 Nf6 2. c4 g6 3. Nc3 Bg7 4. e4 d6 5. Nf3 0-0 6. Be2 e5 7. 0-0 Nc6 8. d5 Ne7 9. b4 Nh5 10. Re1 f5 11. Ng5 Nf6 12. Bf1 Kh8 13. Bb2 Bh6 14. f4 exf4 15. Ne6 Bxe6 16. dxe6 Bg7 17. Nd5 Nxe4 18. Bxg7+ Kxg7 19. Nxf4 c6 20. Qd4+ Kg8 21. Rac1 Qb6 22. c5 dxc5 23. bxc5 Qc7 24. Nd3 Rad8 25. Qb2 Rd5 26. g3 Rfd8 27. Re3 b6 28. Rb1 b5 29. Rbe1 a6 30. Qa1 Nd2 31. Nb4 Rd4 32. Nc2 Re4 33. Bg2 Rxe3 34. Rxe3 Nc4 35. Re2 Qa7 36. Qf6 Qxc5+ 37. Kh1 Rf8 38. Qc3 Qd6 39. Nd4 Rd8 40. Nf3 Nd5 41. Qc1 Qc5 42. Ne5 Nde3 43. Nd7 Qd4 44. e7 Re8 45. Bxc6 Rxe7 46. Qe1 Rxd7 47. Bxd7 Qd5+ 48. Kg1 Qxd7 49. Rxe3 Qd4 0-1